000 01477cam a22003618i 4500
999 _c535258
_d535258
001 20948134
003 NUST
005 20200902105123.0
008 190425s2020 nyu b 001 0 eng
010 _a 2019019126
020 _a9781138061491 (hardback : acidfree paper)
020 _z9781315162294 (ebook)
038 _aMSOHAIL
040 _aDLC
_beng
_erda
_cDLC
042 _apcc
050 0 0 _aTN295
_b.T75 2020
082 0 0 _a622.8
_223
_bTRI
100 1 _aTripathy, Debi Prasad,
_eauthor.
_929732
245 1 0 _aMine safety science and engineering :
_bhealth and disaster management /
_cDebi Prasad Tripathy.
250 _aFirst edition.
263 _a1911
264 1 _aNew York, NY :
_bCRC Press/Taylor & Francis Group,
_c2020.
300 _apages cm
336 _atext
_btxt
_2rdacontent
337 _aunmediated
_bn
_2rdamedia
338 _avolume
_bnc
_2rdacarrier
504 _aIncludes bibliographical references and index.
520 _a"Mine safety engineers promote and enforce mine safety and health by complying with the established safety standards, policies, guidelines and regulations. These innovative and practical methods for ensuring safe mining operations are discussed in this book including technological advancements in the field"--
_cProvided by publisher.
650 0 _aMine safety.
_929733
906 _a7
_bcbc
_corignew
_d1
_eecip
_f20
_gy-gencatlg
942 _2ddc
_cBK